Los migrantes, más ventajosos que la ayuda al desarrollo /
Gespeichert in:
| 1. Verfasser: | |
|---|---|
| Format: | Text |
| Schlagworte: | |
| Tags: |
Tag hinzufügen
Keine Tags, Fügen Sie den ersten Tag hinzu!
|
MARC
| LEADER | 00000 a a2200000 04500 | ||
|---|---|---|---|
| 001 | 5568 | ||
| 003 | |||
| 040 | |||
| 100 | |a Demol, Dominique | ||
| 245 | |a Los migrantes, más ventajosos que la ayuda al desarrollo / |c Dominique Demol | ||
| 650 | |a REMESAS | ||
| 650 | |a MIGRACION LABORAL | ||
| 773 | |g número 129; páginas 61-65 | ||
| 999 | |c 30679 |d 30679 | ||
| 773 | 0 | |0 45084 |9 9326 |a Oficina Internacional del Trabajo |d Suiza : Organización Internacional del Trabajo ; 1964-2005 |o 01743 |t Educación Obrera | |
